IFM Opac

South Africa Bibliography; a survey of Bibliographies and Bibliographical Work (Record no. 12521)

MARC details
000 -LEADER
fixed length control field 00376nam a22001337a 4500
020 ## - INTERNATIONAL STANDARD BOOK NUMBER
International Standard Book Number 0258967900
082 ## - DEWEY DECIMAL CLASSIFICATION NUMBER
Classification number 016.968 MUS
100 ## - MAIN ENTRY--PERSONAL NAME
Personal name Musiker, Reuben
245 ## - TITLE STATEMENT
Title South Africa Bibliography; a survey of Bibliographies and Bibliographical Work
260 ## - PUBLICATION, DISTRIBUTION, ETC.
Place of publication, distribution, etc. London
Name of publisher, distributor, etc. Crosby Lockwood & Son Ltd
Date of publication, distribution, etc. 1970
300 ## - PHYSICAL DESCRIPTION
Extent 105p.
Other physical details ill.; 22p.
500 ## - GENERAL NOTE
General note Include index
942 ## - ADDED ENTRY ELEMENTS (KOHA)
Koha item type Books
Holdings
Withdrawn status Lost status Damaged status Not for loan Home library Current library Shelving location Date acquired Total Checkouts Full call number Barcode Date last seen Price effective from Koha item type
Withdrawn       IFM Main Campus Library IFM Main Campus Library Archival Collection 10/15/2015   016.968 MUS 0000006728 10/15/2015 02/19/2022 Books